000 01039nam a2200301 i 4500
001 000046536
003 DO-SdBNP
005 20241118135651.0
007 ta
008 150824s2014 dr 000 0 spa d
020 _a9789945498103
040 _aDO-SdBNP
_bspa
_cBNPHU
_erda
082 4 _aRD863.44
_bG146c
_222
100 1 _aGalán, Tomás Modesto,
_d1951-
_eautor
_925456
_4aut.
245 1 4 _aLos cuentos de Mount Hope :
_b(novela) /
_cTomás Modesto Galán de los Santos.
264 4 _aSanto Domingo :
_bUniversitaria-UASD,
_c©2014.
300 _a448 páginas ;
_c23 cm.
336 _atexto
_btxt
_2rdacontent
337 _asin mediación
_bn
_2rdamedia
338 _avolumen
_bnc
_2rdacarrier
490 0 _aPublicaciones de la Universidad Autónoma de Santo Domingo.
500 _aIncluye biografía del autor : páginas 441-442
590 _aInventariado, 2019/BT
650 7 _aNovela dominicana
_9223
_2LEMB
650 7 _aLiteratura dominicana.
_967
_2LEMB
910 _aValidado. Control de calidad MFF
942 _2ddc
_cLBS1
999 _c46025
_d46025